000 00685nam a2200289Ia 4500
005 20260324123637.0
008 008 260324s9999 xx 000 0 eng d
020 _a9780429474880
037 _aEBOOK
040 _aCRL
040 _beng
040 _cCRL
041 _2eng
041 _aeng
084 _qCRL
100 _aA.H. Brafman
_91168012
245 0 _aFostering Independence
245 0 _bHelping and Caring in Psychodynamic Therapies
260 _bTaylor and Francis
260 _c2011
365 _a
365 _b205
856 _uhttp://www.taylorfrancis.com/books/9780429474880
942 _cEBOOK
999 _c1764797
_d1764797